| 000 | 00893nam a22002537a 4500 | ||
|---|---|---|---|
| 005 | 20170123162319.0 | ||
| 010 | _aB-029189 | ||
| 020 | _c200.00 | ||
| 035 | _aB-029189 | ||
| 037 | _bCen Lib/Ret | ||
| 040 |
_aDPL _bUR |
||
| 082 |
_a841 _bا ب و |
||
| 245 |
_aایبٹ آباد کے غزل کو شعرا / _cمرتبہ ایوب صابر |
||
| 246 |
_aAbbottabad ke ghaz go shoura / _bedited by Ayub Sabar |
||
| 260 |
_aنیی دہلی _bانٹرنیشنل اردو پبلیکیشنز _c2000 |
||
| 270 |
_bنیی دہلی _a٩٢٢، کچھ، روھللہ خان، داریاگنج _e110006 |
||
| 300 |
_a226p. _c21cm(Hb) |
||
| 650 |
_a ادب - اردو _v _9116219 |
||
| 650 |
_aاردو شاعری _9462 |
||
| 650 |
_aLiterature -- Urdu _9116220 |
||
| 650 |
_aUrdu poetry _9116221 |
||
| 700 |
_aایوب صابر _9116222 |
||
| 942 |
_2ddc _cUR _h841 _mا ب و |
||
| 999 |
_c106953 _d106953 |
||